[Event "VIII Floripa Open 2022"]
[Site "Florianopolis"]
[Date "2022.01.27"]
[Round "4.5"]
[White "Fier, Alexandr"]
[Black "Labussiere, Yago"]
[Result "1-0"]
[WhiteElo "2572"]
[BlackElo "2179"]
[Annotator "TA"]
[PlyCount "49"]
[EventDate "2022.01.24"]
[EventType "swiss"]
[EventCountry "BRA"]
[SourceTitle "playchess.com"]
[Source "ChessBase"]
[SourceQuality "1"]

{[%evp 10,49,31,12,20,11,34,38,52,44,44,29,15,18,28,5,84,25,71,48,56,16,45,2,199,212,203,222,215,218,206,211,565,545,532,527,646,648,612,620,862,762]} 1. e4 e5 2. Bc4 Nf6 3. d3 Nc6 4. Nf3 Bc5 5. Bg5 d6 6. c3 Bb6 {C54: Giuoco Piano: 4 c3 Nf6, main lines with 5 d4 and 5 d3.} 7. a4 $5 {[%mdl 4] Exploring less charted territory.} a6 8. Nbd2 O-O {White is slightly better.} 9. O-O h6 10. Bh4 g5 11. Bg3 Kg7 {[#]} 12. Re1 $146 ({Predecessor:} 12. Ba2 Ba7 13. Re1 g4 14. Nh4 Nh5 15. Nc4 Qg5 16. Ne3 Bxe3 17. Rxe3 Nxg3 18. hxg3 {1-0 (54) Groot,P (2250)-Baum,H (2343) ICCF email 2019}) 12... Qe7 (12... Nh7 $11 {keeps the balance.}) 13. b4 (13. Bd5 $16) 13... Be6 (13... g4 $1 $11 {is superior.}) 14. d4 exd4 15. cxd4 (15. Bxe6 {with more complications.} dxc3 16. Bd5 cxd2 17. Qxd2 a5 18. Bxc6 bxc6 19. e5) 15... Nxd4 16. e5 Nd7 $2 {A mistake that costs the game.} (16... dxe5 $1 $11 17. Bxe5 Rad8 18. Nxg5 Nc6) 17. exd6 $18 cxd6 18. Nxd4 Bxd4 {[#]} 19. Ne4 $1 {[%csl LRd4,LRd6][%mdl 64] Discovered Attack} Be5 20. Nxd6 Qf6 {[#]} (20... Kg8 {is tougher.} 21. Bxe6 (21. Bxe5 Nxe5 22. Rxe5 Rad8 $16) 21... Qxe6) 21. Ne4 $1 {White is clearly winning.} Qe7 {[#]} 22. Bxe6 fxe6 23. Bxe5+ Nxe5 24. Qd4 Qc7 25. Nc5 {Weighted Error Value: White=0.09 (flawless) /Black=0.68} 1-0

[Event "VIII Floripa Open 2022"]
[Site "Florianopolis"]
[Date "2022.01.27"]
[Round "4.6"]
[White "Menna Barreto, Luiz Ney"]
[Black "Mekhitarian, Krikor Sevag"]
[Result "0-1"]
[WhiteElo "2254"]
[BlackElo "2562"]
[Annotator "TA"]
[PlyCount "88"]
[EventDate "2022.01.24"]
[EventType "swiss"]
[EventCountry "BRA"]
[SourceTitle "playchess.com"]
[Source "ChessBase"]
[SourceQuality "1"]

{[%evp 21,88,14,14,-7,-7,-4,0,0,0,0,0,0,0,-4,0,-50,0,0,0,0,0,0,0,0,0,0,26,6,20,24,38,27,30,18,22,16,18,10,7,16,16,16,25,8,37,24,25,-35,27,-372,-383,-359,-371,-402,-421,-481,-484,-477,-455,-420,-352,-367,-345,-283,-189,-456,-387,-595,-589]} 1. Nf3 c5 2. c4 Nf6 3. Nc3 d5 4. cxd5 Nxd5 5. d4 Nxc3 6. bxc3 g6 7. e4 Bg7 8. Be3 Qa5 9. Qd2 O-O 10. Rc1 Rd8 11. d5 e6 12. c4 {D85: Exchange Grünfeld: Unusual White 7th moves and lines with 7 Nf3.} Qxd2+ 13. Nxd2 Na6 {[%cal Bb8a6,Ba6b4,Bb4a2,Ba2c3][%mdl 32]} 14. Be2 {The position is equal.} b6 15. O-O Nb4 16. a3 Na2 17. Rc2 Nc3 18. Bd3 ({White should try} 18. Bf3 $1 $11) 18... exd5 $5 {[%mdl 4] An interesting side line.} (18... Ba6 $1 $15 19. Bg5 Rd7) 19. cxd5 $11 Bd7 20. Rfc1 Nb5 21. a4 {[#]} Nd6 $146 ({Predecessor:} 21... Nd4 22. Ra2 f5 23. f3 h6 24. Rb1 g5 25. h3 Be8 26. Kh1 Rab8 27. Bg1 Bg6 {½-½ (39) Murali Krishnan,B (2364)-Ashwin,J (2322) Atul 2006}) 22. Ra2 f5 $1 23. f3 fxe4 24. fxe4 Re8 {[%cal Oc5c4]} 25. Bf4 Nf7 26. Nf3 h6 {[%cal Bh7h6,Bh6h5,Bh5g4][%mdl 32]} 27. h3 g5 28. Bg3 h5 29. Re1 g4 30. hxg4 hxg4 31. Nd2 Bd4+ 32. Bf2 Ne5 33. Bf1 (33. Ba6 $5 {[%cal Rf2d4]}) 33... Bc3 34. Bb5 (34. Re3 $11 Bd4 35. Rg3) 34... Re7 (34... Bxb5 $15 35. axb5 {[#]} Nc4 $1 36. Nxc4 Bxe1) 35. Re3 $2 {[%mdl 8192] [#] This costs White the game.} (35. Rc2 $11 {and White is okay.} Bxb5 36. axb5) 35... Bxd2 $19 ({Weaker is} 35... Bd4 36. Rg3 $11) 36. Rxd2 Bxb5 37. axb5 Nc4 $1 {[%csl LRd2,LRe3]} 38. Rde2 Nxe3 39. Rxe3 {[%mdl 4096] Endgame KRR-KRB} Rae8 40. d6 Rd7 41. Bg3 Kf7 42. Kf2 Ke6 {aiming for ...a5.} 43. Bf4 $2 (43. Re1) 43... Rf8 {[%csl LRd6,LRf4]} 44. g3 (44. Kg3 $142 Rdf7 45. Bh6) 44... Rxd6 {Weighted Error Value: White=0.55/Black=0.14 (very precise)} 0-1

[Event "VIII Floripa Open 2022"]
[Site "Florianopolis"]
[Date "2022.01.27"]
[Round "4.7"]
[White "Cuenca Jimenez, Jose Fernando"]
[Black "Caetano, Ryan Wesley Da Costa"]
[Result "1-0"]
[WhiteElo "2552"]
[BlackElo "2226"]
[Annotator "TA"]
[PlyCount "51"]
[EventDate "2022.01.24"]
[EventType "swiss"]
[EventCountry "BRA"]
[SourceTitle "playchess.com"]
[Source "ChessBase"]
[SourceQuality "1"]

{[%evp 15,51,49,60,21,73,77,64,77,66,77,73,67,73,75,80,72,81,62,69,68,99,95,101,92,89,73,183,174,342,344,350,353,349,355,336,341,323,301]} 1. Nf3 Nf6 2. c4 g6 3. Nc3 Bg7 4. e4 d6 5. d4 O-O 6. Be2 Na6 7. O-O e5 8. Be3 Qe8 {Recently 8...c6 got a lot of attention.} 9. Re1 {[#] E94: King's Indian: Classical: 6 Be2 e5 7 0-0: Various Black 7th moves.} Nxe4 $146 ({Predecessor:} 9... Ng4 10. Bg5 f6 11. Bc1 Nh6 12. b3 Nf7 13. Ba3 c5 14. dxc5 dxc5 15. Nd5 Nd8 16. b4 cxb4 17. Nxb4 Nxb4 18. Bxb4 {0-1 (36) Rakotomaharo,F (2422)-Kamsky,G (2665) Europe Echecs INT 2021}) 10. Nxe4 $16 {Black must now prevent dxe5.} exd4 {[#]} 11. Nxd6 $1 {White is slightly better.} Qe6 12. Bf4 {Strongly threatening Nb5.} ({Inferior is} 12. Nxc8 dxe3 13. Bf1 exf2+ 14. Kxf2 Qxc8 $17) 12... cxd6 13. Nxd4 Qf6 {[%csl LRd4,LRf4]} 14. Be3 {White is more active.} Nc5 15. Qd2 Re8 {[%cal Oe8e3]} 16. Bf3 $36 {[%cal Oe3g5][%mdl 2048] And now Bg5! would win. Black is under pressure.} Bd7 17. Rad1 Rac8 {[#]} 18. b3 $1 Ne4 19. Bxe4 Rxe4 20. Nf3 Rg4 (20... Qc3 $16) 21. h3 $18 Rxg2+ (21... Re4 {might work better.} 22. Bxa7 (22. Qxd6 Qxd6 23. Rxd6 Bc6 $16) 22... Rxe1+ 23. Rxe1 Re8) 22. Kxg2 Bxh3+ 23. Kxh3 {[%cal Bg2h3,Bh3h2,Bh2g1,Bg1f1][%mdl 32]} Qxf3+ 24. Kh2 Be5+ 25. Kg1 {aiming for Qd5.} Qg4+ 26. Kf1 {Weighted Error Value: White=0.06 (flawless) /Black=0.31} 1-0

[Event "VIII Floripa Open 2022"]
[Site "Florianopolis"]
[Date "2022.01.27"]
[Round "4.8"]
[White "Pereira, Silvio Cunha"]
[Black "Hungaski, Robert"]
[Result "0-1"]
[WhiteElo "2217"]
[BlackElo "2521"]
[Annotator "TA"]
[PlyCount "53"]
[EventDate "2022.01.24"]
[EventType "swiss"]
[EventCountry "BRA"]
[SourceTitle "playchess.com"]
[Source "ChessBase"]
[SourceQuality "1"]

{[%evp 13,53,0,0,-21,-20,-83,-85,-81,-97,-87,-66,-66,-12,-9,-15,-14,0,0,0,0,0,0,0,0,0,0,0,-365,-356,-343,-335,-266,-266,-316,-316,-387,-162,-153,-144,-361,-135,-99]} 1. e4 e6 2. d4 d5 3. Nc3 Nf6 4. Bg5 Bb4 5. e5 h6 6. Bd2 Bxc3 7. Bxc3 Ne4 8. Qf3 {C12: French: Classical System: McCutcheon Variation.} O-O {[#]} 9. Bb4 $146 (9. Qe3 $11 {keeps the balance.}) ({Predecessor:} 9. Qe3 f6 10. exf6 Qxf6 11. Nf3 c5 12. Be2 Nc6 13. O-O cxd4 14. Bxd4 Nxd4 15. Qxd4 Qxd4 16. Nxd4 {½-½ (29) Skuhala,J (2249)-Unuk,L (2230) Otocec 2015}) 9... c5 $1 $17 10. Bxc5 {Black is better.} Nxc5 11. dxc5 Nc6 12. Qe3 d4 (12... Qa5+ $1 $15 13. Kd1 f6 14. exf6 Rxf6) 13. Qe4 $11 Qa5+ 14. Kd1 Qxc5 15. Bd3 {[%csl Gd3][%cal Re4h7]} f5 16. exf6 $1 Rxf6 ({Don't do} 16... Qf5 17. Qxf5 exf5 18. fxg7 Kxg7 19. Kd2 $16) 17. Nf3 e5 $36 {[%mdl 2048] Strongly threatening ...Bf5. Black has good play.} 18. Qh7+ Kf7 19. Nd2 Qf8 20. Ne4 $2 {[%mdl 8192]} (20. Re1 $11) 20... Bf5 $19 21. Nd6+ Qxd6 22. Bxf5 e4 23. Bxe4 Rxf2 24. Bf3 Qf4 (24... Qc5 $142 $1 25. Qe4 d3 26. Qd5+ Qxd5 27. Bxd5+ Ke7 28. Bxc6 bxc6 29. cxd3 Raf8) 25. Bh5+ {[#]} Ke6 $1 {[%csl Gf2][%cal Rf4d2] Black is more active.} 26. Re1+ $2 {[#]} (26. Qg6+ $17 {is the only way for White.} Kd5 27. Be2) 26... Kd6 $2 {Chess con chili.} (26... Ne5 $1 $19 {[%csl Gf2][%cal Rf4d2] is more deadly.} 27. Qg6+ (27. Qd3 $2 Kf6 $19) 27... Kd5 28. Rxe5+ Kxe5 29. Qxg7+ Kd6 30. Qg6+ Kc7 31. Qg7+ Kd6 32. Qg6+ Ke5 33. Qg7+ Kd6) 27. Qg6+ {Weighted Error Value: White=0.57/Black=0.33} 0-1

[Event "VIII Floripa Open 2022"]
[Site "Florianopolis"]
[Date "2022.01.27"]
[Round "4.9"]
[White "Lima, Darcy"]
[Black "Alboredo, Julia"]
[Result "1/2-1/2"]
[WhiteElo "2507"]
[BlackElo "2200"]
[Annotator "TA"]
[PlyCount "64"]
[EventDate "2022.01.24"]
[EventType "swiss"]
[EventCountry "BRA"]
[SourceTitle "playchess.com"]
[Source "ChessBase"]
[SourceQuality "1"]

{[%evp 10,64,40,35,68,73,71,60,73,65,62,68,58,62,96,70,77,88,97,85,87,78,85,68,68,63,100,68,93,49,49,37,59,28,31,23,15,13,13,12,12,18,20,18,23,17,17,4,25,25,28,27,33,33,43,6,6]} 1. c4 c5 2. Nf3 {[%cal Bg1f3,Bf3d4,Bd4c2,Bc2e3][%mdl 32]} Nf6 3. d4 cxd4 4. Nxd4 Nc6 5. Nc3 e5 6. Nc2 d6 {A31: Symmetrical English: 2 Nf3 Nf6 3 d4.} 7. g3 Be6 8. Ne3 {Prevents d5.} Be7 {White is slightly better.} 9. Bg2 O-O 10. O-O Rc8 11. Ned5 Ne8 {[#]} 12. Nxe7+ $146 ({Predecessor:} 12. b3 Bg5 13. Bxg5 Qxg5 14. e3 Qh6 15. Qd2 Kh8 16. Rad1 Bh3 17. f4 Bxg2 18. Qxg2 {½-½ (57) Salas Arros,C (2418)-Mesias Rojas,R (2220) Santiago de Chile 2007}) 12... Qxe7 13. b3 a6 14. Nd5 Bxd5 15. Qxd5 Nc7 16. Qd2 Rfd8 17. Ba3 Rd7 18. Rad1 {[%cal Ra3d6]} Rcd8 19. Qe3 (19. Bh3 $16) 19... Qe6 $14 20. Bd5 {A strong pair of Bishops.} Qf6 21. Kg2 Nxd5 22. Rxd5 Ne7 23. Rd2 d5 24. Bxe7 Qxe7 25. cxd5 Rxd5 26. Rxd5 Rxd5 $11 {[%mdl 4096] Endgame KQR-KQR} 27. Rc1 Qd7 {Prevents Rc8+.} 28. Qb6 {[#] aiming for Rc7.} Rb5 29. Qc7 Qxc7 30. Rxc7 {[%cal Rc7c8]} g6 31. Kf3 Kg7 32. g4 Kf6 {Weighted Error Value: White=0.08 (flawless) /Black=0.08 (flawless)} 1/2-1/2

[Event "VIII Floripa Open 2022"]
[Site "Florianopolis"]
[Date "2022.01.27"]
[Round "4.10"]
[White "Guimaraes, Wagner Peixoto"]
[Black "Barbosa, Evandro Amorim"]
[Result "0-1"]
[WhiteElo "2194"]
[BlackElo "2487"]
[Annotator "TA"]
[PlyCount "56"]
[EventDate "2022.01.24"]
[EventType "swiss"]
[EventCountry "BRA"]
[SourceTitle "playchess.com"]
[Source "ChessBase"]
[SourceQuality "1"]

{[%evp 16,56,0,0,0,0,-2,-7,-3,-8,12,-11,0,-17,-16,-22,-15,-18,0,-73,-31,-39,-53,-155,-152,-154,-128,-112,-53,-56,-22,-65,-19,-18,0,0,6,4,4,0,0,0,0]} 1. Nf3 c5 2. c4 Nc6 3. Nc3 g6 4. e3 Nf6 5. d4 cxd4 6. exd4 d5 7. Bg5 Be6 8. Bxf6 exf6 9. c5 Bg7 {B13: Caro-Kann: Exchange Variation and Panov-Botvinnik Attack.} 10. Be2 O-O 11. O-O g5 {[%cal Bg6g5,Bg5g4][%mdl 32]} 12. Bb5 {[#]} Ne7 $146 ({Predecessor:} 12... Bg4 13. Bxc6 bxc6 14. b4 f5 15. b5 Bxf3 16. Qxf3 Bxd4 17. Rac1 Qf6 18. Ne2 Be5 19. bxc6 d4 {½-½ (19) Kiewra,K (2375)-Chandra,A (2471) Saint Louis 2018}) 13. Re1 Ng6 14. Bd3 g4 $1 15. Nd2 f5 $1 {[%cal Bf6f5,Bf5f4][%mdl 32]} 16. Nb3 a6 17. Bf1 (17. Qd2 $11 {remains equal.}) 17... Nh4 (17... Qf6 $17) 18. Ne2 Bh6 19. Ng3 (19. Nec1 $15) 19... f4 $17 {Black is more active.} 20. Nh5 Kh8 21. Re5 Rg8 ({Black should play} 21... Qe7 $17 {aiming for ...f6.} 22. Qxg4 Rg8) 22. Qe1 $15 Ng6 23. Bd3 (23. Rxe6 $11 fxe6 24. Qxe6) 23... Re8 (23... f3 $15 {should be considered.} 24. g3 Nxe5 25. Qxe5+ Bg7 26. Nxg7 Rxg7) 24. c6 $11 {The position is equal.} bxc6 {Strongly threatening ...Bg5.} (24... Nxe5 $2 25. Qxe5+ f6 26. Nxf6 $18) 25. Nc5 {[%csl LRa6,LRe6][%cal Re5e6] Pair of Knights!} Bd7 (25... Nxe5 $2 26. Qxe5+ f6 27. Nxf6 $18) 26. Nxd7 Qxd7 27. Bxg6 hxg6 (27... fxg6 $5 28. Nf6 Rxe5 29. Qxe5 Qf7 30. Nh5+ (30. Nxg4+ Bg7 $11) 30... Kg8 31. Nf6+ Kh8 32. Nh5+ (32. Nxg4+ Bg7 $11) 32... Kg8 33. Nf6+ Kh8 $11) 28. Nf6 {[%csl LRd7,LRe8]} Rxe5 {[%mdl 32768] Weighted Error Value: White=0.16 (very precise) /Black=0.12 (very precise) . Loss on time!?} 0-1

[Event "VIII Floripa Open 2022"]
[Site "Florianopolis"]
[Date "2022.01.27"]
[Round "5.1"]
[White "Barbosa, Evandro Amorim"]
[Black "Pichot, Alan"]
[Result "0-1"]
[WhiteElo "2487"]
[BlackElo "2625"]
[Annotator "TA"]
[PlyCount "100"]
[EventDate "2022.01.24"]
[EventType "swiss"]
[EventCountry "BRA"]

{[%evp 12,100,15,15,15,18,14,0,0,0,0,0,0,0,0,0,0,0,0,0,0,4,0,-19,-4,-12,0,0,0,0,0,0,0,-12,-7,-22,-3,-1,0,-8,0,-11,-14,-14,-14,-15,-15,-22,-22,-57,-52,-82,-87,-90,-86,-112,-109,-109,-109,-121,-115,-158,-139,-215,-215,-197,-187,-209,-209,-336,-334,-300,-283,-268,-286,-312,-315,-369,-369,-372,-354,-410,-275,-359,-354,-529,-861,-784,-734,-574,-565]} 1. e4 e5 2. Nf3 Nc6 3. Bb5 {[%cal Bf1b5,Bb5a4,Ba4b3,Bb3d5][%mdl 32]} a6 4. Ba4 Nf6 5. d3 b5 6. Bb3 Bc5 7. Nc3 {7.c3 is setting a new trend.} d6 {C77: Ruy Lopez: 3...a6 4 Ba4 Nf6, unusual lines.} 8. Nd5 h6 {To avoid Bg5} 9. Nxf6+ Qxf6 {The position is equal.} 10. Bd5 Bd7 11. Be3 Rd8 12. Bxc5 dxc5 13. Bxc6 Bxc6 14. Qe2 O-O 15. O-O {[#]} Qd6 $146 ({Predecessor:} 15... Bd7 16. Qe3 Qd6 17. Nd2 Be6 18. Nb3 Bxb3 19. axb3 Rb8 20. f4 {½-½ (20) Baskin,R (2287)-Wan,Y (2482) Groningen 2014}) 16. Nh4 {[%cal Bf3h4,Bh4f5,Bf5e3,Be3c4][%mdl 32]} Bd7 17. Qe3 Be6 18. a4 c4 {[%cal Rc4d3]} 19. axb5 axb5 {[%cal Rc4d3]} 20. dxc4 bxc4 21. Nf5 {To avoid Qd4} Qb4 22. Rab1 f6 23. h3 Rd7 24. Qc3 Rb8 25. Ne3 Qb7 26. Nxc4 Qxe4 27. Ne3 Qd4 28. Qa3 Qb6 29. Rfd1 Rd4 30. c3 Rxd1+ 31. Rxd1 Qxb2 {Black continues to play with concentration.} 32. Qe7 Qb6 33. Rd8+ Rxd8 34. Qxd8+ Kf7 35. Qd3 Qc5 {[%cal Of6f5]} 36. h4 ({White should play} 36. g4) 36... f5 $17 {[%cal Bf6f5,Bf5f4][%mdl 32]} 37. h5 (37. g3 $17) 37... e4 $19 38. Qd2 Qd6 39. Qc1 f4 {To avoid g3} 40. Nc2 (40. Nf1 $142) 40... Bg4 41. Nd4 Bxh5 42. Qb1 Bg6 ({Avoid the trap} 42... c5 $2 43. Qb7+ Kf6 44. Qxg7+ Kxg7 45. Nf5+ Kf6 46. Nxd6 $19) 43. Qb3+ Kf6 44. Qb7 c5 45. Nb5 Qd1+ 46. Kh2 Qh5+ 47. Kg1 Qe5 {[#] And now ...e3 would win.} 48. Nc7 (48. Qc6+ {was called for.} Kg5 49. Nd6) 48... e3 (48... Bf7 $142 49. Qc6+ Kg5) 49. fxe3 fxe3 {( -> ...e2)} 50. Qf3+ Kg5 {Weighted Error Value: White=0.16 (very precise) /Black=0.05 (flawless)} 0-1

[Event "VIII Floripa Open 2022"]
[Site "Florianopolis"]
[Date "2022.01.27"]
[Round "5.2"]
[White "Delgado Ramirez, Neuris"]
[Black "Di Berardino, Diego Rafael"]
[Result "1/2-1/2"]
[WhiteElo "2614"]
[BlackElo "2480"]
[Annotator "TA"]
[PlyCount "119"]
[EventDate "2022.01.24"]
[EventType "swiss"]
[EventCountry "BRA"]

{[%evp 12,119,2,0,23,0,0,-63,-50,-122,-125,-139,-106,-102,-121,-112,-71,-73,-75,-270,-257,-240,-280,-281,-267,-262,-193,-185,-185,-184,-160,-165,-164,-160,-164,-168,-161,-176,-175,-185,-202,-189,-170,-175,-179,-210,-202,-201,-185,-177,-167,-203,-195,-211,-188,-191,-183,-188,-191,-454,-451,-453,-400,-2330,-2205,-1957,-1531,-1510,-1393,-1363,-1152,-1183,-1183,-944,-881,-1847,-1896,-1114,-1148,-644,-8,-8,-8,-8,-8,-8,-8,-8,-8,-8,-8,-8,0,-8,0,-8,-8,-8,-8,-8,-8,-8,-8,-8,-8,-8,-8,-8,-8,-8]} 1. e4 c5 2. Nf3 e6 3. d4 cxd4 4. Nxd4 Nf6 5. Nc3 Nc6 6. a3 Be7 7. f4 d6 {Inhibits e5. B45: Sicilian Four Knights.} 8. Be3 O-O 9. Qf3 (9. Nb3 $11) 9... e5 $1 $15 {Black is slightly better.} 10. Nf5 ({Better is} 10. Nxc6 $15 bxc6 11. h3) 10... Bxf5 $17 11. exf5 d5 12. O-O-O {[%cal Rc3d5]} e4 {[#]} 13. Qe2 $146 ({Predecessor:} 13. Qh3 Qa5 14. Nb1 Rfd8 15. g4 d4 16. Bd2 Qc5 17. g5 Rac8 18. Qb3 d3 19. Bc3 Qe3+ 20. Nd2 dxc2 21. Kxc2 Nd4+ {0-1 (21) Eid,F (2323)-Rakotomaharo,F (2422) Chess.com INT 2020}) 13... d4 (13... Rc8 $142 {White must now prevent ...d4.} 14. g4 d4) 14. Nb5 {[%cal Rb5d4]} Bc5 $36 {[%mdl 2048] ...Qb6 is the strong threat. Black has strong initiative.} 15. Qc4 $2 (15. Nxd4 $17 Bxd4 16. Bxd4 Nxd4 17. Qc4) 15... Qb6 $19 16. b4 {[#]} Bxb4 {[%mdl 512]} 17. axb4 {[%cal Re3d4]} dxe3 18. Qc5 Qa6 {[%cal Ra6a1]} 19. Kb2 {Inhibits Qa1+.} Qa4 20. Bc4 a6 ({Inferior is} 20... Nxb4 21. Bb3 Qa5 22. Ra1 $17) 21. Nc3 Qxb4+ 22. Qxb4 Nxb4 {Pair of Knights!} 23. Rhe1 Rfd8 24. Rxd8+ Rxd8 25. Rxe3 Rd4 26. Bb3 Kf8 27. h3 h5 {Prevents g4.} 28. g4 hxg4 29. hxg4 Nxg4 30. Rxe4 Nc6 31. Bd5 Rxe4 32. Nxe4 Ne3 {[%csl LRd5,LRf5]} 33. Bxc6 bxc6 {[%mdl 4096] Endgame KN-KN} 34. f6 gxf6 35. Nc5 $2 (35. Nxf6 {only move.} Nd5 36. Nh5) 35... Ke7 36. Nxa6 Nd5 37. c4 (37. Nc5 $142 Nxf4 38. Nb7) 37... Nxf4 38. c5 Ke6 {Threatens to win with ...Kd5.} 39. Nb4 Kd7 40. Kb3 Nd5 {( -> ...Nxb4)} 41. Nc2 f5 {[%cal Bf6f5,Bf5f4][%mdl 32]} 42. Kc4 Nc7 43. Nd4 f4 44. Kd3 Ne6 {Strongly threatening ...Nxd4.} 45. Nb3 f5 $2 ({Black should try} 45... Ke7 $19 46. Ke4 Kf6) 46. Ke2 $11 {The position is equal.} Ke7 47. Kf3 Kf6 48. Na5 Nd4+ (48... Nxc5 49. Nxc6 Ne6 50. Nb8) 49. Kxf4 Ke6 50. Nc4 Kd5 {[%csl LRc4,LRc5]} 51. Ne3+ Ke6 (51... Kxc5 $5 52. Ke5 Ne2 $11) 52. Nc4 $1 Kf6 53. Na5 Ne6+ 54. Kf3 Nd8 55. Kf4 Ke6 56. Nb3 Kd5 {And now ...Ne6+ would win.} (56... Nb7 $5) 57. Kxf5 Nb7 58. Kf4 Kc4 59. Nd2+ Kd3 60. Nf3 {Black had all chances to win.  Weighted Error Value: White=0.50/Black=0.26 (precise)} 1/2-1/2

[Event "VIII Floripa Open 2022"]
[Site "Florianopolis"]
[Date "2022.01.27"]
[Round "5.3"]
[White "Cubas, Jose Fernando"]
[Black "Bachmann, Axel"]
[Result "1-0"]
[WhiteElo "2469"]
[BlackElo "2594"]
[Annotator "TA"]
[PlyCount "67"]
[EventDate "2022.01.24"]
[EventType "swiss"]
[EventCountry "BRA"]

{[%evp 19,66,21,51,31,33,0,-7,0,0,-14,56,55,197,182,191,87,89,70,119,132,166,103,181,187,229,232,258,250,254,253,269,199,378,371,346,182,496,470,989,991,983,983,728,728,1003,1003,29963,5273,29999]} 1. e4 g6 2. d4 Bg7 3. Nc3 c6 4. Bc4 d5 5. exd5 b5 6. Bb3 b4 7. Nce2 cxd5 8. Bd2 a5 9. a3 bxa3 10. Rxa3 {[%cal Ba1a3,Ba3d3,Bd3d4,Bd4c4][%mdl 32]} Nc6 11. Ba4 {B06: Modern Defence.} Bd7 {[#]} 12. Qa1 $146 ({Predecessor:} 12. Nf3 Nf6 13. Qa1 O-O 14. Bxc6 Bxc6 15. Bxa5 Qc8 16. O-O Bb5 17. Re1 Qxc2 18. Nc3 Rfb8 19. Rc1 Qd3 {½-½ (19) Wirig,A (2510)-Bissieres,M (2352) Paris 2011}) 12... Nxd4 13. Nxd4 {The position is equal.} Bxd4 14. Rd3 e5 (14... Bg7 $1 $11) 15. Nf3 $14 {[%cal Of3e5]} (15. c3 Bxf2+ $1 16. Kxf2 Qh4+ 17. g3 Qxa4 18. Qxa4 Bxa4 19. Rxd5 Nf6 20. Rxe5+ Kd7 $17) 15... Nf6 (15... Bxa4 $14 16. Qxa4+ Qd7 17. Qxd7+ Kxd7) 16. Nxd4 $18 exd4 17. O-O ({Much less strong is} 17. Rxd4 $6 Qe7+ 18. Be3 O-O $14) (17. Bh6 $1 $18 {is more deadly.}) 17... O-O $16 18. Bg5 $36 {[%mdl 2048] Threatens to win with Bxd7. White has good play.} Bf5 ({Black should try} 18... Ra6 $14) 19. Rxd4 Qb6 20. Be3 {This bishop pair is nice.} ({Don't play} 20. Bxf6 $6 Qxf6 21. c3 (21. Rxd5 Be4 $14) 21... Rfd8 $14) ({White should play} 20. b3 $18) 20... Qc7 {[#] Prevents c4.} (20... Qa6 $16 {was worth a try.}) 21. b3 $1 $18 {Bh6 is the strong threat.} Ra6 (21... Qxc2 $2 22. Rc1 Qe2 23. Rd2 $18) (21... Bxc2 {was called for.} 22. Bh6 Qb6) 22. c4 dxc4 23. Rxc4 Qb7 {[#]} 24. Bg5 $1 Nh5 25. Rfc1 {And now g4 would win.} Qd5 $2 (25... Be6) 26. Bh6 Rd8 27. Bc6 (27. g4 $142) 27... Rxc6 $2 (27... Qd6 {is a better chance.} 28. Bb5 Rb6) 28. Rxc6 Qxb3 {[#]} (28... f6 $142 29. h3 g5) 29. Qd4 $3 {[%cal Rd4d8][%mdl 512]} Qb8 {[#]} 30. Rb6 $1 {[%mdl 512]} Qa8 31. Rd6 Rxd6 32. Qxd6 {Threatening mate with Qd4.} Ng7 33. g4 Ne8 34. Qf8# {Weighted Error Value: White=0.30/Black=1.30} 1-0

[Event "VIII Floripa Open 2022"]
[Site "Florianopolis"]
[Date "2022.01.27"]
[Round "5.4"]
[White "Supi, Luis Paulo"]
[Black "Rodriguez Vila, Andres"]
[Result "1-0"]
[WhiteElo "2581"]
[BlackElo "2473"]
[Annotator "TA"]
[PlyCount "54"]
[EventDate "2022.01.24"]
[EventType "swiss"]
[EventCountry "BRA"]

{[%evp 11,54,-6,-10,0,4,-7,0,-38,-31,-41,-29,-43,-18,-42,-18,-145,-160,-271,-271,-289,-269,-288,-288,-289,-289,-292,-290,-328,-297,-382,-365,-547,-515,-626,-609,-733,-714,-719,-714,-1269,-1254,-1154,-1058,-1197,-1175]} 1. e4 c5 2. Nf3 d6 3. c3 Nf6 4. Be2 g6 5. O-O Bg7 6. Bb5+ Nc6 7. Re1 {B50: Sicilian: 2...d6, Miscellaneous.} O-O 8. h3 $1 e5 9. d4 {The position is equal.} cxd4 10. cxd4 Nxd4 11. Nxd4 exd4 ({Reject} 11... Qb6 12. Nf3 Qxb5 13. Qxd6 $11) 12. Qxd4 Be6 $36 {[%mdl 2048] [#] White must now prevent ...Qa5. Black has some pressure.} 13. Nc3 $146 {White is now going downhill.} (13. Qb4 $11) ({Predecessor:} 13. Nd2 Nd5 14. Qa4 Nb6 15. Qa5 a6 16. Bd3 Rc8 17. Nf3 Nc4 18. Qxd8 Rfxd8 19. Ng5 Nxb2 20. Bxb2 Bxb2 21. Nxe6 fxe6 {0-1 (53) Rychkov,O (2333)-Shomoev,A (2574) Vladivostok 2014}) 13... Nd5 $1 $17 14. Qxg7+ (14. e5 $17 {was necessary.}) 14... Kxg7 $19 15. exd5 Bd7 16. Bd3 Re8 17. Be3 f5 {[%cal Bf7f5,Bf5f4][%mdl 32] Inhibits Ne4.} 18. Rac1 a6 19. a3 Kf7 20. Nb1 Rc8 21. Nd2 (21. Nc3 {keeps fighting.}) 21... Qf6 {Black is clearly winning.} 22. Nc4 f4 23. Bb6 {[#]} Rxc4 $1 24. Bxc4 Qxb2 25. Bc7 Rxe1+ 26. Rxe1 Qc3 27. Re4 Bf5 {[%mdl 32768] Weighted Error Value: White=0.78/Black=0.05 (flawless) . Loss on time!?} 1-0